Born in Oklahoma Quiz Stats

 Plays Quiz Updated Nov 4, 2014

Also try: Born in Michigan
Challenge
Share
Tweet
Score 0/16 Timer 04:00
1 Play Today
% Correct
Brad Pitt
95.8%
Dr. Phil McGraw
87.9%
Chuck Norris
87.6%
Ron Howard
74.4%
Reba McEntire
69.8%
Garth Brooks
65%
Carrie Underwood
62.6%
Blake Shelton
58.8%
% Correct
James Garner
48.2%
Blake Griffin
45.7%
Wes Welker
35.2%
James Marsden
25.5%
Matt Kemp
24.6%
Will Rogers
19.3%
Alfre Woodard
17%
Lee Pace
7.9%

You're not logged in!

Compare scores with friends on all Sporcle quizzes.
Join for Free
OR
Log In

You Might Also Like...

Show Comments

Extras

Top Quizzes Today


Score Distribution

Your Account Isn't Verified!

In order to create a playlist on Sporcle, you need to verify the email address you used during registration. Go to your Sporcle Settings to finish the process.

Report this User

Report this user for behavior that violates our Community Guidelines.

Details: